| Tag |
First Indicator |
Second Indicator |
Subfields |
| LEADER |
00000cam a2200000 a 4500 |
| 001 |
in00000013792 |
| 005 |
20151007052430.0 |
| 008 |
870520s1988 nyu b 00110 eng |
| 010 |
|
|
|a 87045131
|
| 020 |
|
|
|a 0394542541
|
| 035 |
|
|
|a (OCoLC)15856434
|
| 035 |
|
|
|9 AAA7762AM
|
| 040 |
|
|
|a DLC
|c DLC
|d TXA
|d UtOrBLW
|
| 043 |
|
|
|a e-uk---
|
| 049 |
|
|
|a TXAM
|c [A11031346]
|
| 050 |
0 |
0 |
|a PR478.M6
|b K4 1988
|
| 082 |
0 |
|
|a 820/.9/0091
|2 19
|
| 100 |
1 |
|
|a Kenner, Hugh.
|
| 245 |
1 |
2 |
|a A sinking island :
|b the modern English writers /
|c by Hugh Kenner.
|
| 250 |
|
|
|a 1st ed.
|
| 264 |
|
1 |
|a New York :
|b Knopf,
|c 1988.
|
| 300 |
|
|
|a 290 pages ;
|c 24 cm.
|
| 336 |
|
|
|a text
|b txt
|2 rdacontent
|
| 337 |
|
|
|a unmediated
|b n
|2 rdamedia
|
| 338 |
|
|
|a volume
|b nc
|2 rdacarrier
|
| 504 |
|
|
|a Bibliography: pages 265-280.
|
| 500 |
|
|
|a Includes index.
|
| 650 |
|
0 |
|a English literature
|y 20th century
|x History and criticism.
|
| 650 |
|
0 |
|a Modernism (Literature)
|z Great Britain.
|
| 651 |
|
0 |
|a England
|x Intellectual life
|y 20th century.
|
| 999 |
|
|
|a MARS
|
| 999 |
f |
f |
|s 5670ed54-40be-3f7d-8a79-f1826434f1e3
|i 7638c35c-6ed9-3c64-bfd9-6304ed3baaad
|t 0
|
| 952 |
f |
f |
|p normal
|a Texas A&M University
|b College Station
|c Sterling C. Evans Library
|d Evans: Library Stacks
|t 0
|e PR478.M6 K4 1988
|h Library of Congress classification
|i unmediated -- volume
|m A14811031346
|
| 998 |
f |
f |
|a PR478.M6 K4 1988
|t 0
|l Evans: Library Stacks
|